[Event "PK Jeugd 2020 B"]
[Site "Eindhoven, Netherlands"]
[Date "????.??.??"]
[Round "1.1"]
[White "Dumont, Ties"]
[Black "Labruyere, Roger"]
[Result "1-0"]
[WhiteElo "1613"]
[BlackElo "2069"]

1. d4 {[%clk 00:55:18]} {[%emt 00:00:02]} Nf6 {[%clk 00:55:18]} {[%emt
00:00:02]} 2. Nf3 {[%clk 00:55:22]} {[%emt 00:00:06]} c5 {[%clk 00:55:24]}
{[%emt 00:00:04]} 3. e3 {[%clk 00:55:13]} {[%emt 00:00:19]} g6 {[%clk
00:55:22]} {[%emt 00:00:11]} 4. c4 {[%clk 00:54:46]} {[%emt 00:00:37]} cxd4
{[%clk 00:55:22]} {[%emt 00:00:11]} 5. exd4 {[%clk 00:54:50]} {[%emt 00:00:06]}
d5 {[%clk 00:55:25]} {[%emt 00:00:08]} 6. Nc3 {[%clk 00:53:35]} {[%emt
00:01:25]} Bg7 {[%clk 00:55:17]} {[%emt 00:00:18]} 7. Bg5 {[%clk 00:51:10]}
{[%emt 00:02:36]} dxc4 {[%clk 00:55:00]} {[%emt 00:00:27]} 8. Bxc4 {[%clk
00:51:10]} {[%emt 00:00:09]} O-O {[%clk 00:54:56]} {[%emt 00:00:14]} 9. h3
{[%clk 00:46:38]} {[%emt 00:04:42]} a6 {[%clk 00:54:31]} {[%emt 00:00:35]} 10.
a4 {[%clk 00:45:21]} {[%emt 00:01:27]} Qb6 {[%clk 00:53:07]} {[%emt 00:01:34]}
11. Qd2 {[%clk 00:44:22]} {[%emt 00:01:10]} Be6 {[%clk 00:52:40]} {[%emt
00:00:36]} 12. Bxe6 {[%clk 00:41:17]} {[%emt 00:03:16]} Qxe6+ {[%clk 00:52:43]}
{[%emt 00:00:07]} 13. Be3 {[%clk 00:40:23]} {[%emt 00:01:04]} Nd5 {[%clk
00:51:54]} {[%emt 00:00:59]} 14. Ng5 {[%clk 00:39:46]} {[%emt 00:00:47]} Qf5
{[%clk 00:51:11]} {[%emt 00:00:51]} 15. Nge4 {[%clk 00:37:33]} {[%emt
00:02:25]} Nc6 {[%clk 00:49:55]} {[%emt 00:01:26]} 16. Ng3 {[%clk 00:31:40]}
{[%emt 00:06:04]} Qd7 {[%clk 00:49:41]} {[%emt 00:00:23]} 17. O-O {[%clk
00:31:11]} {[%emt 00:00:39]} Rfd8 {[%clk 00:48:29]} {[%emt 00:01:22]} 18. Rad1
{[%clk 00:30:48]} {[%emt 00:00:33]} Na5 {[%clk 00:46:07]} {[%emt 00:02:32]} 19.
Nce4 {[%clk 00:23:06]} {[%emt 00:07:52]} Nc4 {[%clk 00:45:37]} {[%emt
00:00:39]} 20. Qe2 {[%clk 00:22:58]} {[%emt 00:00:19]} Qxa4 {[%clk 00:44:07]}
{[%emt 00:01:40]} 21. b3 {[%clk 00:20:42]} {[%emt 00:02:26]} Qxb3 {[%clk
00:43:18]} {[%emt 00:00:59]} 22. Rb1 {[%clk 00:20:09]} {[%emt 00:00:43]} Qa4
{[%clk 00:42:14]} {[%emt 00:01:12]} 23. Nc5 {[%clk 00:20:01]} {[%emt 00:00:21]}
Qc6 {[%clk 00:40:57]} {[%emt 00:01:27]} 24. Qxc4 {[%clk 00:19:53]} {[%emt
00:00:18]} b6 {[%clk 00:40:58]} {[%emt 00:00:09]} 25. Qa4 {[%clk 00:18:44]}
{[%emt 00:01:19]} Qc7 {[%clk 00:35:44]} {[%emt 00:05:23]} 26. Nce4 {[%clk
00:17:40]} {[%emt 00:01:15]} f5 {[%clk 00:24:40]} {[%emt 00:11:14]} 27. Ng5
{[%clk 00:13:48]} {[%emt 00:04:01]} f4 {[%clk 00:21:43]} {[%emt 00:03:07]} 28.
Ne6 {[%clk 00:12:29]} {[%emt 00:01:30]} Qd6 {[%clk 00:19:29]} {[%emt 00:02:24]}
29. Nxd8 {[%clk 00:11:49]} {[%emt 00:00:50]} Rxd8 {[%clk 00:18:49]} {[%emt
00:00:50]} 30. Ne4 {[%clk 00:11:18]} {[%emt 00:00:40]} Qe6 {[%clk 00:18:35]}
{[%emt 00:00:24]} 31. Ng5 {[%clk 00:09:27]} {[%emt 00:02:02]} Qf5 {[%clk
00:18:21]} {[%emt 00:00:24]} 32. Bxf4 {[%clk 00:05:41]} {[%emt 00:03:56]} Nxf4
{[%clk 00:18:03]} {[%emt 00:00:28]} 33. Qb3+ {[%clk 00:04:59]} {[%emt
00:00:52]} e6 {[%clk 00:17:04]} {[%emt 00:01:09]} 34. Nf3 {[%clk 00:04:36]}
{[%emt 00:00:33]} Bxd4 {[%clk 00:13:47]} {[%emt 00:03:27]} 35. Nxd4 {[%clk
00:04:41]} {[%emt 00:00:06]} Rxd4 {[%clk 00:13:52]} {[%emt 00:00:05]} 36. Qxb6
{[%clk 00:04:40]} {[%emt 00:00:11]} Qg5 {[%clk 00:09:47]} {[%emt 00:04:14]} 37.
Qb8+ {[%clk 00:04:33]} {[%emt 00:00:17]} Rd8 {[%clk 00:09:51]} {[%emt
00:00:06]} 38. Qb7 {[%clk 00:04:00]} {[%emt 00:00:44]} Nxh3+ {[%clk 00:08:36]}
{[%emt 00:01:24]} 39. Kh2 {[%clk 00:04:02]} {[%emt 00:00:08]} Nf4 {[%clk
00:07:58]} {[%emt 00:00:47]} 40. Qf3 {[%clk 00:03:32]} {[%emt 00:00:41]} Rd5
{[%clk 00:03:57]} {[%emt 00:04:11]} 41. Rb8+ {[%clk 00:03:13]} {[%emt
00:00:29]} Kg7 {[%clk 00:03:31]} {[%emt 00:00:35]} 42. g3 {[%clk 00:02:26]}
{[%emt 00:00:58]} Rd3 {[%clk 00:02:03]} {[%emt 00:01:39]} 43. Qxf4 {[%clk
00:02:16]} {[%emt 00:00:20]} Qh5+ {[%clk 00:02:04]} {[%emt 00:00:08]} 44. Qh4
{[%clk 00:02:04]} {[%emt 00:00:22]} Qf3 {[%clk 00:01:54]} {[%emt 00:00:19]} 45.
Qe7+ {[%clk 00:02:01]} {[%emt 00:00:14]} Kh6 {[%clk 00:01:43]} {[%emt
00:00:22]} 46. Qf8+ {[%clk 00:02:05]} {[%emt 00:00:06]} 1-0

[Event "PK Jeugd 2020 B"]
[Site "Eindhoven, Netherlands"]
[Date "????.??.??"]
[Round "1.2"]
[White "Slagboom, Leandro"]
[Black "Molanus, Florian"]
[Result "1-0"]
[WhiteElo "1970"]
[BlackElo "1468"]

1. Nf3 {[%emt 00:46:12]} d5 {[%emt 00:00:09]} 2. c4 {[%emt 00:00:06]} c6 {[%emt
00:01:32]} 3. g3 {[%emt 00:00:06]} Nf6 {[%emt 00:00:32]} 4. Bg2 {[%emt
00:00:08]} Bg4 {[%emt 00:01:44]} 5. Ne5 {[%clk 00:52:51]} {[%emt 00:02:49]} Bf5
{[%clk 00:49:59]} {[%emt 00:02:01]} 6. Qb3 {[%clk 00:46:14]} {[%emt 00:06:48]}
b6 {[%clk 00:42:45]} {[%emt 00:07:23]} 7. d4 {[%clk 00:43:45]} {[%emt
00:02:39]} e6 {[%clk 00:40:59]} {[%emt 00:01:55]} 8. Nc3 {[%clk 00:40:42]}
{[%emt 00:03:14]} Be7 {[%clk 00:35:41]} {[%emt 00:05:27]} 9. O-O {[%clk
00:39:19]} {[%emt 00:01:33]} O-O {[%clk 00:32:51]} {[%emt 00:02:59]} 10. h3
{[%clk 00:36:23]} {[%emt 00:03:07]} h6 {[%clk 00:30:23]} {[%emt 00:02:39]} 11.
Rd1 {[%clk 00:34:22]} {[%emt 00:02:10]} Qd6 {[%clk 00:24:49]} {[%emt 00:05:43]}
12. g4 {[%clk 00:32:13]} {[%emt 00:02:20]} Bh7 {[%clk 00:24:34]} {[%emt
00:00:24]} 13. a3 {[%clk 00:31:47]} {[%emt 00:00:37]} Rd8 {[%clk 00:20:57]}
{[%emt 00:03:47]} 14. Bf4 {[%clk 00:30:23]} {[%emt 00:01:34]} Rf8 {[%clk
00:18:39]} {[%emt 00:02:28]} 15. Ng6 {[%clk 00:28:44]} {[%emt 00:01:50]} 1-0

[Event "PK Jeugd 2020 B"]
[Site "Eindhoven, Netherlands"]
[Date "????.??.??"]
[Round "1.3"]
[White "Li-Behn, Tobias"]
[Black "Grooten, Tommy"]
[Result "0-1"]
[WhiteElo "1618"]
[BlackElo "1734"]

1. d4 {[%clk 00:55:19]} {[%emt 00:00:01]} Nf6 {[%clk 00:55:16]} {[%emt
00:00:04]} 2. Bf4 {[%clk 00:55:19]} {[%emt 00:00:10]} g6 {[%clk 00:55:19]}
{[%emt 00:00:07]} 3. Nf3 {[%clk 00:55:11]} {[%emt 00:00:17]} Bg7 {[%clk
00:55:24]} {[%emt 00:00:06]} 4. c4 {[%clk 00:54:34]} {[%emt 00:00:47]} O-O
{[%clk 00:55:24]} {[%emt 00:00:09]} 5. Nc3 {[%clk 00:54:18]} {[%emt 00:00:26]}
d6 {[%clk 00:55:21]} {[%emt 00:00:14]} 6. e4 {[%clk 00:51:47]} {[%emt
00:02:41]} Nfd7 {[%clk 00:55:01]} {[%emt 00:00:30]} 7. Qd2 {[%clk 00:49:33]}
{[%emt 00:02:23]} e5 {[%clk 00:54:49]} {[%emt 00:00:22]} 8. Bh6 {[%clk
00:47:57]} {[%emt 00:01:46]} Nc6 {[%clk 00:52:51]} {[%emt 00:02:07]} 9. Bxg7
{[%clk 00:44:35]} {[%emt 00:03:34]} Kxg7 {[%clk 00:52:54]} {[%emt 00:00:08]} 10.
Be2 {[%clk 00:44:31]} {[%emt 00:00:14]} Re8 {[%clk 00:51:12]} {[%emt 00:01:51]}
11. d5 {[%clk 00:42:55]} {[%emt 00:01:46]} Ne7 {[%clk 00:50:54]} {[%emt
00:00:28]} 12. O-O {[%clk 00:42:55]} {[%emt 00:00:10]} a5 {[%clk 00:50:44]}
{[%emt 00:00:20]} 13. Nb5 {[%clk 00:42:15]} {[%emt 00:00:50]} Nc5 {[%clk
00:50:36]} {[%emt 00:00:18]} 14. Qc2 {[%clk 00:41:26]} {[%emt 00:00:59]} f5
{[%clk 00:48:31]} {[%emt 00:02:15]} 15. Nd2 {[%clk 00:39:12]} {[%emt 00:02:23]}
fxe4 {[%clk 00:48:18]} {[%emt 00:00:23]} 16. Nxe4 {[%clk 00:38:22]} {[%emt
00:01:00]} Bf5 {[%clk 00:48:14]} {[%emt 00:00:13]} 17. f3 {[%clk 00:38:11]}
{[%emt 00:00:22]} Ng8 {[%clk 00:47:34]} {[%emt 00:00:50]} 18. Kh1 {[%clk
00:37:11]} {[%emt 00:01:10]} Nf6 {[%clk 00:47:11]} {[%emt 00:00:33]} 19. Nbc3
{[%clk 00:36:42]} {[%emt 00:00:38]} Rf8 {[%clk 00:46:34]} {[%emt 00:00:48]} 20.
Bd3 {[%clk 00:36:00]} {[%emt 00:00:52]} Nxd3 {[%clk 00:46:19]} {[%emt
00:00:25]} 21. Qxd3 {[%clk 00:35:56]} {[%emt 00:00:14]} Nh5 {[%clk 00:45:06]}
{[%emt 00:01:23]} 22. Qd2 {[%clk 00:34:30]} {[%emt 00:01:36]} Bxe4 {[%clk
00:40:31]} {[%emt 00:04:44]} 23. Nxe4 {[%clk 00:33:05]} {[%emt 00:01:36]} h6
{[%clk 00:39:49]} {[%emt 00:00:53]} 24. b3 {[%clk 00:31:49]} {[%emt 00:01:26]}
Qe7 {[%clk 00:37:55]} {[%emt 00:02:03]} 25. Rac1 {[%clk 00:31:04]} {[%emt
00:00:55]} b6 {[%clk 00:37:43]} {[%emt 00:00:22]} 26. a4 {[%clk 00:30:13]}
{[%emt 00:01:00]} Rf4 {[%clk 00:35:09]} {[%emt 00:02:43]} 27. Rce1 {[%clk
00:29:02]} {[%emt 00:01:22]} Raf8 {[%clk 00:35:03]} {[%emt 00:00:16]} 28. Kg1
{[%clk 00:27:41]} {[%emt 00:01:31]} g5 {[%clk 00:30:56]} {[%emt 00:04:18]} 29.
Ng3 {[%clk 00:25:21]} {[%emt 00:02:30]} Nxg3 {[%clk 00:30:14]} {[%emt
00:00:52]} 30. hxg3 {[%clk 00:25:19]} {[%emt 00:00:12]} R4f5 {[%clk 00:29:48]}
{[%emt 00:00:36]} 31. Re4 {[%clk 00:24:51]} {[%emt 00:00:38]} Qf7 {[%clk
00:28:50]} {[%emt 00:01:08]} 32. Qe3 {[%clk 00:23:34]} {[%emt 00:01:27]} Rf6
{[%clk 00:28:25]} {[%emt 00:00:36]} 33. Qd2 {[%clk 00:19:58]} {[%emt 00:03:45]}
Qg6 {[%clk 00:28:12]} {[%emt 00:00:23]} 34. Qe3 {[%clk 00:19:39]} {[%emt
00:00:29]} h5 {[%clk 00:24:45]} {[%emt 00:03:37]} 35. Re1 {[%clk 00:18:07]}
{[%emt 00:01:42]} Qh6 {[%clk 00:22:17]} {[%emt 00:02:39]} 36. Qd2 {[%clk
00:15:58]} {[%emt 00:02:19]} Qg6 {[%clk 00:19:58]} {[%emt 00:02:28]} 37. Qe3
{[%clk 00:14:41]} {[%emt 00:01:28]} Rf5 {[%clk 00:18:47]} {[%emt 00:01:10]} 38.
Qd2 {[%clk 00:14:17]} {[%emt 00:00:34]} g4 {[%clk 00:18:12]} {[%emt 00:00:56]}
39. fxg4 {[%clk 00:11:28]} {[%emt 00:02:59]} hxg4 {[%clk 00:16:53]} {[%emt
00:01:29]} 40. Qe2 {[%clk 00:11:37]} Rg5 {[%clk 00:16:52]} {[%emt 00:00:11]} 41.
Rf1 {[%clk 00:11:14]} {[%emt 00:00:33]} Rxf1+ {[%clk 00:16:51]} {[%emt
00:00:11]} 42. Kxf1 {[%clk 00:11:12]} {[%emt 00:00:11]} Qf5+ {[%clk 00:16:55]}
{[%emt 00:00:07]} 43. Kg1 {[%clk 00:10:50]} {[%emt 00:00:32]} Rg6 {[%clk
00:16:56]} {[%emt 00:00:09]} 44. Kh2 {[%clk 00:10:10]} {[%emt 00:00:50]} Kh7
{[%clk 00:15:24]} {[%emt 00:01:42]} 45. Kg1 {[%clk 00:09:57]} {[%emt 00:00:23]}
Kg7 {[%clk 00:13:40]} {[%emt 00:01:53]} 46. Kh2 {[%clk 00:10:06]} {[%emt
00:00:02]} Kh8 {[%clk 00:13:36]} {[%emt 00:00:14]} 47. Kg1 {[%clk 00:09:08]}
{[%emt 00:01:08]} Kh7 {[%clk 00:13:39]} {[%emt 00:00:07]} 48. Kh2 {[%clk
00:08:47]} {[%emt 00:00:31]} Qg5 {[%clk 00:12:49]} {[%emt 00:00:59]} 49. Kg1
{[%clk 00:08:36]} {[%emt 00:00:22]} Qc1+ {[%clk 00:12:48]} {[%emt 00:00:11]} 50.
Kf2 {[%clk 00:05:32]} {[%emt 00:03:13]} Rf6+ {[%clk 00:12:24]} {[%emt
00:00:34]} 51. Rf4 {[%clk 00:05:29]} {[%emt 00:00:13]} Rxf4+ {[%clk 00:10:43]}
{[%emt 00:01:52]} 52. gxf4 {[%clk 00:05:36]} {[%emt 00:00:03]} Qxf4+ {[%clk
00:10:45]} {[%emt 00:00:08]} 53. Kg1 {[%clk 00:05:22]} {[%emt 00:00:24]} e4
{[%clk 00:10:43]} {[%emt 00:00:12]} 54. Qe1 {[%clk 00:04:43]} {[%emt 00:00:48]}
g3 {[%clk 00:10:38]} {[%emt 00:00:15]} 55. Qd1 {[%clk 00:03:57]} {[%emt
00:00:55]} Kg6 {[%clk 00:10:36]} {[%emt 00:00:13]} 56. Qb1 {[%clk 00:03:47]}
{[%emt 00:00:20]} Qe3+ {[%clk 00:10:30]} {[%emt 00:00:16]} 57. Kh1 {[%clk
00:03:31]} {[%emt 00:00:25]} Qh6+ {[%clk 00:10:32]} {[%emt 00:00:08]} 58. Kg1
{[%clk 00:01:57]} {[%emt 00:01:44]} Qh2+ {[%clk 00:10:40]} {[%emt 00:00:03]} 59.
Kf1 {[%clk 00:01:58]} {[%emt 00:00:09]} Qh1+ {[%clk 00:10:48]} {[%emt
00:00:02]} 0-1

[Event "PK Jeugd 2020 B"]
[Site "Eindhoven, Netherlands"]
[Date "????.??.??"]
[Round "1.4"]
[White "Cchung, Nyuk Lyn"]
[Black "Hooijmans, Max"]
[Result "0-1"]
[WhiteElo "2001"]
[BlackElo "1535"]

1. e4 {[%clk 00:55:19]} {[%emt 00:46:01]} e5 {[%clk 00:55:15]} {[%emt
00:00:06]} 2. Nf3 {[%clk 00:55:24]} {[%emt 00:00:04]} Nc6 {[%clk 00:55:19]}
{[%emt 00:00:07]} 3. Bb5 {[%clk 00:55:31]} {[%emt 00:00:03]} d6 {[%clk
00:54:20]} {[%emt 00:01:09]} 4. d4 {[%clk 00:55:20]} {[%emt 00:00:20]} exd4
{[%clk 00:52:45]} {[%emt 00:01:46]} 5. Nxd4 {[%clk 00:55:16]} {[%emt 00:00:14]}
Bd7 {[%clk 00:52:42]} {[%emt 00:00:13]} 6. O-O {[%clk 00:54:16]} {[%emt
00:01:10]} Nge7 {[%clk 00:49:32]} {[%emt 00:03:20]} 7. Nc3 {[%clk 00:50:32]}
{[%emt 00:03:54]} Nxd4 {[%clk 00:44:48]} {[%emt 00:04:54]} 8. Bxd7+ {[%clk
00:47:08]} {[%emt 00:03:34]} Qxd7 {[%clk 00:44:56]} {[%emt 00:00:02]} 9. Qxd4
{[%clk 00:47:11]} {[%emt 00:00:07]} Nc6 {[%clk 00:44:26]} {[%emt 00:00:40]} 10.
Qd3 {[%clk 00:41:01]} {[%emt 00:06:19]} O-O-O {[%clk 00:42:45]} {[%emt
00:01:52]} 11. Be3 {[%clk 00:39:32]} {[%emt 00:01:39]} Kb8 {[%clk 00:41:39]}
{[%emt 00:01:16]} 12. h3 {[%clk 00:29:02]} {[%emt 00:10:39]} g6 {[%clk
00:39:48]} {[%emt 00:02:02]} 13. Nd5 {[%clk 00:21:01]} {[%emt 00:08:12]} Bg7
{[%clk 00:37:37]} {[%emt 00:02:20]} 14. Rab1 {[%clk 00:20:50]} {[%emt
00:00:21]} Rhf8 {[%clk 00:33:12]} {[%emt 00:04:35]} 15. b4 {[%clk 00:19:28]}
{[%emt 00:01:32]} f5 {[%clk 00:31:04]} {[%emt 00:02:18]} 16. b5 {[%clk
00:17:45]} {[%emt 00:01:54]} Ne5 {[%clk 00:30:24]} {[%emt 00:00:49]} 17. Qa3
{[%clk 00:17:52]} {[%emt 00:00:02]} b6 {[%clk 00:30:22]} {[%emt 00:00:13]} 18.
Bd4 {[%clk 00:16:32]} {[%emt 00:01:30]} Nc4 {[%clk 00:25:51]} {[%emt 00:04:41]}
19. Qa4 {[%clk 00:13:57]} {[%emt 00:02:45]} Bxd4 {[%clk 00:23:48]} {[%emt
00:02:13]} 20. Qxc4 {[%clk 00:13:55]} {[%emt 00:00:12]} Bc5 {[%clk 00:23:47]}
{[%emt 00:00:11]} 21. a4 {[%clk 00:12:52]} {[%emt 00:01:14]} fxe4 {[%clk
00:22:31]} {[%emt 00:01:25]} 22. Qxe4 {[%clk 00:13:00]} {[%emt 00:00:02]} Rde8
{[%clk 00:22:20]} {[%emt 00:00:21]} 23. Qh4 {[%clk 00:12:58]} {[%emt 00:00:11]}
Re5 {[%clk 00:20:01]} {[%emt 00:02:29]} 24. Nc3 {[%clk 00:08:31]} {[%emt
00:04:37]} Rff5 {[%clk 00:16:01]} {[%emt 00:04:10]} 25. Ne4 {[%clk 00:08:18]}
{[%emt 00:00:23]} Qe7 {[%clk 00:13:45]} {[%emt 00:02:27]} 26. Qxe7 {[%clk
00:08:18]} {[%emt 00:00:11]} Rxe7 {[%clk 00:13:52]} {[%emt 00:00:02]} 27. Rbe1
{[%clk 00:07:58]} {[%emt 00:00:30]} Rfe5 {[%clk 00:12:24]} {[%emt 00:01:38]} 28.
Nxc5 {[%clk 00:07:41]} {[%emt 00:00:28]} Rxe1 {[%clk 00:12:00]} {[%emt
00:00:34]} 29. Nd7+ {[%clk 00:07:48]} {[%emt 00:00:02]} Kc8 {[%clk 00:11:46]}
{[%emt 00:00:24]} 30. Nf6 {[%clk 00:07:51]} {[%emt 00:00:07]} Rxf1+ {[%clk
00:11:31]} {[%emt 00:00:25]} 31. Kxf1 {[%clk 00:08:00]} {[%emt 00:00:01]} Rf7
{[%clk 00:10:49]} {[%emt 00:00:52]} 32. Ne4 {[%clk 00:08:02]} {[%emt 00:00:08]}
Rf5 {[%clk 00:10:12]} {[%emt 00:00:47]} 33. g4 {[%clk 00:07:45]} {[%emt
00:00:26]} Rf4 {[%clk 00:09:41]} {[%emt 00:00:41]} 34. Ng5 {[%clk 00:07:32]}
{[%emt 00:00:23]} h6 {[%clk 00:09:22]} {[%emt 00:00:29]} 35. Ne6 {[%clk
00:07:31]} {[%emt 00:00:11]} Rxa4 {[%clk 00:09:18]} {[%emt 00:00:14]} 36. f4
{[%clk 00:07:07]} {[%emt 00:00:34]} Re4 {[%clk 00:08:00]} {[%emt 00:01:27]} 37.
f5 {[%clk 00:07:09]} {[%emt 00:00:09]} Rxe6 {[%clk 00:08:02]} {[%emt 00:00:08]}
38. fxe6 {[%clk 00:07:12]} {[%emt 00:00:07]} Kd8 {[%clk 00:08:06]} {[%emt
00:00:07]} 39. Ke2 {[%clk 00:06:59]} {[%emt 00:00:23]} Ke7 {[%clk 00:08:09]}
{[%emt 00:00:08]} 40. Ke3 {[%clk 00:07:00]} {[%emt 00:00:09]} Kxe6 {[%clk
00:08:08]} {[%emt 00:00:10]} 41. Ke4 {[%clk 00:06:49]} {[%emt 00:00:21]} d5+
{[%clk 00:07:47]} {[%emt 00:00:31]} 42. Kf4 {[%clk 00:06:57]} {[%emt 00:00:02]}
g5+ {[%clk 00:07:44]} {[%emt 00:00:14]} 43. Kf3 {[%clk 00:07:02]} {[%emt
00:00:04]} Ke5 {[%clk 00:07:44]} {[%emt 00:00:11]} 44. c3 {[%clk 00:06:47]}
{[%emt 00:00:25]} Kd6 {[%clk 00:07:14]} {[%emt 00:00:39]} 45. Kg3 {[%clk
00:06:31]} {[%emt 00:00:27]} Kc5 {[%clk 00:07:16]} {[%emt 00:00:09]} 46. h4
{[%clk 00:06:36]} {[%emt 00:00:05]} Kxb5 {[%clk 00:07:15]} {[%emt 00:00:11]}
0-1

[Event "PK Jeugd 2020 B"]
[Site "Eindhoven, Netherlands"]
[Date "????.??.??"]
[Round "1.5"]
[White "van Wijk, Justin"]
[Black "Boghossian, Wahe"]
[Result "0-1"]
[WhiteElo "1178"]
[BlackElo "1769"]

1. d4 {[%clk 00:55:14]} {[%emt 00:00:05]} Nf6 {[%clk 00:55:12]} {[%emt
00:00:09]} 2. Bf4 {[%clk 00:55:08]} {[%emt 00:00:15]} d5 {[%clk 00:53:07]}
{[%emt 00:02:16]} 3. e3 {[%clk 00:55:04]} {[%emt 00:00:14]} e6 {[%clk
00:52:10]} {[%emt 00:01:07]} 4. Nc3 {[%clk 00:54:42]} {[%emt 00:00:32]} Bd6
{[%clk 00:46:00]} {[%emt 00:06:20]} 5. Bg3 {[%clk 00:53:52]} {[%emt 00:01:00]}
b6 {[%clk 00:44:58]} {[%emt 00:01:13]} 6. Bd3 {[%clk 00:53:22]} {[%emt
00:00:40]} Bb7 {[%clk 00:44:49]} {[%emt 00:00:19]} 7. Qf3 {[%clk 00:50:47]}
{[%emt 00:02:44]} O-O {[%clk 00:35:15]} {[%emt 00:09:44]} 8. Nge2 {[%clk
00:49:04]} {[%emt 00:01:54]} a6 {[%clk 00:28:57]} {[%emt 00:06:29]} 9. a3
{[%clk 00:45:09]} {[%emt 00:04:05]} c5 {[%clk 00:25:01]} {[%emt 00:04:06]} 10.
Bxd6 {[%clk 00:44:29]} {[%emt 00:00:50]} Qxd6 {[%clk 00:25:01]} {[%emt
00:00:10]} 11. Ng3 {[%clk 00:43:59]} {[%emt 00:00:40]} Nbd7 {[%clk 00:19:34]}
{[%emt 00:05:37]} 12. e4 {[%clk 00:40:47]} {[%emt 00:03:22]} cxd4 {[%clk
00:18:38]} {[%emt 00:01:05]} 13. Nce2 {[%clk 00:40:12]} {[%emt 00:00:46]} Ne5
{[%clk 00:16:21]} {[%emt 00:02:27]} 14. Qf4 {[%clk 00:39:07]} {[%emt 00:01:15]}
Nxd3+ {[%clk 00:15:54]} {[%emt 00:00:37]} 15. cxd3 {[%clk 00:39:03]} {[%emt
00:00:14]} Qxf4 {[%clk 00:15:41]} {[%emt 00:00:23]} 16. Nxf4 {[%clk 00:38:57]}
{[%emt 00:00:16]} dxe4 {[%clk 00:15:38]} {[%emt 00:00:13]} 17. dxe4 {[%clk
00:37:39]} {[%emt 00:01:27]} Bxe4 {[%clk 00:14:14]} {[%emt 00:01:33]} 18. Rd1
{[%clk 00:35:58]} {[%emt 00:01:52]} e5 {[%clk 00:12:09]} {[%emt 00:02:14]} 19.
Nxe4 {[%clk 00:35:36]} {[%emt 00:00:33]} Nxe4 {[%clk 00:12:05]} {[%emt
00:00:13]} 20. Nd3 {[%clk 00:35:31]} {[%emt 00:00:15]} Rfe8 {[%clk 00:10:11]}
{[%emt 00:02:04]} 21. O-O {[%clk 00:34:54]} {[%emt 00:00:46]} Nc5 {[%clk
00:08:14]} {[%emt 00:02:08]} 22. f3 {[%clk 00:33:13]} {[%emt 00:01:52]} Nxd3
{[%clk 00:07:32]} {[%emt 00:00:52]} 23. Rxd3 {[%clk 00:33:08]} {[%emt
00:00:14]} Rac8 {[%clk 00:06:53]} {[%emt 00:00:49]} 24. Rf2 {[%clk 00:31:59]}
{[%emt 00:01:19]} Rc1+ {[%clk 00:06:01]} {[%emt 00:01:02]} 25. Rf1 {[%clk
00:31:13]} {[%emt 00:00:57]} Rc2 {[%clk 00:03:10]} {[%emt 00:03:00]} 26. Rf2
{[%clk 00:31:08]} {[%emt 00:00:16]} Rec8 {[%clk 00:02:35]} {[%emt 00:00:45]} 27.
g4 {[%clk 00:30:35]} {[%emt 00:00:44]} Rxf2 {[%clk 00:02:31]} {[%emt 00:00:14]}
28. Kxf2 {[%clk 00:30:39]} {[%emt 00:00:06]} Rc2+ {[%clk 00:02:37]} {[%emt
00:00:05]} 29. Kg3 {[%clk 00:30:39]} {[%emt 00:00:10]} Rxb2 {[%clk 00:02:36]}
{[%emt 00:00:11]} 30. h4 {[%clk 00:30:25]} {[%emt 00:00:24]} f6 {[%clk
00:02:20]} {[%emt 00:00:26]} 31. h5 {[%clk 00:29:48]} {[%emt 00:00:47]} a5
{[%clk 00:01:54]} {[%emt 00:00:36]} 32. Kh3 {[%clk 00:29:06]} {[%emt 00:00:50]}
a4 {[%clk 00:01:48]} {[%emt 00:00:17]} 33. Kg3 {[%clk 00:28:42]} {[%emt
00:00:34]} h6 {[%clk 00:01:41]} {[%emt 00:00:18]} 34. Kh4 {[%clk 00:28:28]}
{[%emt 00:00:23]} Rb3 {[%clk 00:01:29]} {[%emt 00:00:23]} 35. Rd2 {[%clk
00:27:36]} {[%emt 00:01:01]} Rxa3 {[%clk 00:01:23]} {[%emt 00:00:17]} 36. Rf2
{[%clk 00:27:30]} {[%emt 00:00:16]} Rb3 {[%clk 00:01:10]} {[%emt 00:00:22]} 37.
Kg3 {[%clk 00:27:28]} {[%emt 00:00:12]} e4 {[%clk 00:01:10]} {[%emt 00:00:10]}
0-1